000 00452nam a2200169Ia 4500
003 GCL
008 140319s9999 xx 000 0 eng d
040 _aGCL /
_cGCL
082 0 4 _aCC
_b930.1321
_bK A
100 1 _aSIBBES, G.J.F. KATER
245 1 0 _aMONUMENTS FROM OUTSIDE EGYPT: APIS II /
_cSIBBES, G.J.F. KATER
260 _a[S.N] :
_bE. J. BRILL ،
_c1975
650 0 4 _aAPIS
650 0 4 _aANCIENT EGYPT
650 0 4 _aEGYPTOLOGY
942 _2ddc
_cBK
999 _c10882
_d10882